| 000 | 00499nam a2200133Ia 4500 | ||
|---|---|---|---|
| 008 | 171207s9999 xx 000 0 und d | ||
| 100 | _aSackett, Corrine R. | ||
| 245 | _aUsing Visual Journaling in Individual Counseling: A Case Example | ||
| 245 | _cCorrine R. Sackett & Alyssa McKeeman | ||
| 260 | _c2017 | ||
| 300 | _apages 242-248, April-June 2017 | ||
| 440 |
_aJournal of Creativity in Mental Health _v12:2 |
||
| 650 | _aCounseling, creativity in counseling, expressive arts, visual journaling | ||
| 999 |
_c347689 _d347689 |
||